Razón, locura y sociedad
La locura y la enfermedad son los dos fenómenos temáticos sobre los que giran el conjunto de ensayos en este libro, en el marco del implícito condicionamiento de la clase social sobre los mismos. Los principales temas se relacionan con la institucionalización psiquiátrica de la violencia, esta cienc...
محفوظ في:
| المؤلف الرئيسي: | |
|---|---|
| التنسيق: | كتاب |
| اللغة: | Undetermined |
| منشور في: |
México, Distrito Federal
Siglo XXI
1978
|
| الموضوعات: | |
| الوسوم: |
إضافة وسم
لا توجد وسوم, كن أول من يضع وسما على هذه التسجيلة!
|
MARC
| LEADER | 00000nam a2200000Ia 4500 | ||
|---|---|---|---|
| 008 | 170316s9999 xx 000 0 und d | ||
| 040 | |a cru BVZT | ||
| 090 | |a 100 B-14.1r | ||
| 100 | |a Basaglia, Franco |9 1125 | ||
| 245 | |a Razón, locura y sociedad | ||
| 260 | |a México, Distrito Federal |b Siglo XXI |c 1978 | ||
| 300 | |a 199 páginas | ||
| 520 | |a La locura y la enfermedad son los dos fenómenos temáticos sobre los que giran el conjunto de ensayos en este libro, en el marco del implícito condicionamiento de la clase social sobre los mismos. Los principales temas se relacionan con la institucionalización psiquiátrica de la violencia, esta ciencia médica pierde su legitimidad y se determina como una “ideología de la locura”. Entre otras cuestiones, se tocan temas como los mitos de la enfermedad mental, el psicoanálisis, la psicología social y la relación Freud-Marx. | ||
| 650 | |a FILOSOFÍA |9 5 | ||
| 999 | |c 15641 |d 15641 | ||
| 942 | |c 15 D |h 100 B-14.1r |2 z | ||
